Statistiques concernant Les personnages de Harry Potter - version extrême

Cliquez ici pour prendre le quiz!

Statistiques générales

  • Ce quiz a été pris 3 231 fois
  • Le résultat moyen est 107 sur 183

Statistiques - réponses

NomPrénom% Correct
PotterHarry
100%
Potter | Potter (2eme Gen.)James
100%
WeasleyFred
99%
Weasley (2nd. Gen)Fred II
99%
Weasley (2nd. Gen)Molly II
99%
LondubatNeville
99%
WeasleyRon
99%
GrangerHermione
99%
WeasleyGeorge
99%
Potter | Potter (2eme Gen.)Lily
99%
WeasleyMolly
99%
WeasleyBill
98%
WeasleyGinny
98%
WeasleyPercy
98%
LovegoodLuna
98%
WeasleyArthur
98%
WeasleyCharlie
97%
Potter (2eme Gen.)Albus
97%
BlackSirius
97%
MalefoyDrago
96%
DumbledoreAlbus
96%
PettigrowPeter
95%
RogueSeverus
95%
DursleyDudley
95%
MalefoyLucius
95%
LestrangeBellatrix
95%
OmbrageDolores
94%
DursleyPetunia
94%
SerpentardSalazar
94%
MalefoyNarcissa
94%
DursleyVernon
93%
HagridRubeus
93%
DelacourFleur
93%
ChangCho
92%
DiggoryCedric
92%
McGonagallMinerva
91%
SkeeterRita
91%
SerdaigleRowena
90%
PoufsouffleHelga
90%
LupinRemus
89%
JedusorTom
89%
KrumViktor
87%
MaugreyAlastor
86%
TonksNymphadora
84%
PatilParvati
84%
PatilPadma
84%
KarkaroffIgor
84%
FlitwickFilius
83%
DumbledoreAbelforth
83%
CrabbeVincent
83%
DuboisOlivier
83%
DiggoryAmos
82%
CrouptonBarty
81%
LockhartGilderoy
81%
SlughornHorace
81%
FinniganSeamus
81%
BrownLavande
80%
TourdesacBathilda
80%
DragonneauNorbert
80%
DumbledoreAriana
80%
ThomasDean
79%
TrelawneySibylle
79%
DursleyMarjorie
79%
CriveyColin
79%
RusardArgus
78%
JordanLee
77%
BellKatie
76%
FudgeCornelius
76%
LondubatAlice
76%
GoyleGregory
76%
ParkinsonPansy
76%
MaximeOlympe
75%
JohnsonAngelina
73%
SerdaigleHelena
73%
ChouravePomona
72%
LupinTed
71%
AbbottHannah
70%
DelacourGabrielle
69%
CattermoleReg
69%
GreybackFenrir
67%
Malefoy (2eme Gen.)Scorpius
67%
Weasley (2nd. Gen)Rose
67%
BlackRegulus
67%
LondubatFrank
67%
GrindelwaldGellert
64%
McLaggenCormac
62%
de Mimsy-PorpingtonNicholas
62%
CarrowAlecto
61%
RocadeStan
61%
CarrowAmycus
59%
ShackleboltKingsley
59%
DeauclairePenelope
59%
Weasley (2eme Gen)Hugo
58%
PomfreshPoppy
57%
FletcherMondingus
57%
PeverellIgnotus
56%
ScrimgeourRufus
56%
MacMillanErnie
56%
QuirrellQuirinus
56%
VerpeyLudo
55%
BibineRenée
55%
DolohovAntonin
55%
ZabiniBlaise
54%
Finch-FletchleyJustin
52%
DumbledorePerceval
51%
TonksTeddy
49%
GauntElvis
48%
LondubatAugusta
48%
DogeElphias
48%
Belby | FlintMarcus
47%
OllivanderGarrick
47%
BulstrodeMillicent
47%
GryffondorGodrick
46%
BlackPhineas
46%
LovegoodXenophillius
46%
BonesSusan
46%
DippetArmando
46%
SpinnetAlicia
46%
DumbledoreKendra
45%
FiggArabella
45%
CriveyDennis
45%
Weasley (2nd. Gen)Victoire
44%
BurbageCharity
43%
TonksAndromeda
43%
LestrangeRodolphus
42%
HopkirkMafalda
39%
SinistraAurora
38%
CrouptonBarty Jr
38%
VaneRomilda
37%
GoldsteinAnthony
36%
CornerMichael
35%
DiggleDedalus
32%
BinnsCuthbert
31%
Weasley (2nd. Gen)Louis
30%
Weasley (2nd. Gen)Dominique
29%
BryceFranck
29%
GauntMorfin
29%
CattermoleMary
28%
JorkinsBertha
28%
BootTerry
28%
RuncornAlbert
26%
Weasley (2nd. Gen)Roxanne
26%
Weasley (2nd. Gen)Lucy
25%
SmithZacharias
25%
ThicknessePius
25%
BonesAmelia
24%
EdgecombMarietta
24%
RosierEvan
24%
PeverellCadmus
23%
DaviesRoger
23%
Gobe-BlancheWilhelmina
22%
PrewettFabian
21%
PeverellAntioche
21%
LestrangeRabastan
20%
RookwoodAugustus
19%
PrinceEileen
19%
PrewettGideon
18%
VectorSeptima
18%
DawlishJohn
16%
SmithHepzibah
16%
OgdenBob
15%
PodmoreSturgis
15%
VanceEmmeline
14%
MoldubecCélestina
13%
JonesHestia
13%
PolkissPiers
13%
GauntMeurope
13%
CresswellDirk
12%
SloperJack
11%
MacnairWalden
10%
RobinsDemelza
10%
PeakesJimmy
10%
MarchebankGriselda
9%
JonesGwenog
9%
KirkeAndrew
7%
BodeBroderick
7%
CooteRichie
7%
RowleThorfin
6%
TycrossWilkie
5%
GregorovitchMykew
4%

Distribution des résultats

Percentile par nombre de réponses

% des personnes avec chaque résultat

Votre développement - résultats

Vous n’avez pas pris ce quiz